I drammi de' boschi e delle marine... (Record no. 153565)

MARC details
000 -LEADER
campo de control de longitud fija 00918nam a22002415i 4500
001 - NÚMERO DE CONTROL
campo de control 153565
003 - IDENTIFICADOR DE NÚMERO DE CONTROL
campo de control ES-MaACL
005 - FECHA Y HORA DE LA ÚLTIMA TRANSACCIÓN
campo de control 20251013234900.0
008 - DATOS DE LONGITUD FIJA--INFORMACIÓN GENERAL
campo de control de longitud fija 001010s1874 it |||| | ita d
040 ## - FUENTE DE CATALOGACIÓN
Centro catalogador/agencia de origen CYL
Lengua de catalogación spa
Centro/agencia transcriptor CYL
245 02 - MENCIÓN DEL TÍTULO
Título I drammi de' boschi e delle marine...
260 ## - PUBLICACIÓN, DISTRIBUCIÓN, ETC.
Lugar de publicación, distribución, etc. Milano :
Nombre del editor, distribuidor, etc. Edoardo Sonzogno,
Fecha de publicación, distribución, etc. 1874.
300 ## - DESCRIPCIÓN FÍSICA
Extensión 427 p. ;
Dimensiones 19 cm.
505 8# - NOTA DE CONTENIDO CON FORMATO
Nota de contenido con formato Contiene: L'aminta / di Torquato Tasso. Il pastor fido / di Battista Guarini. La filli di sciro / di Guidubaldo Bonarelli. L'alceo / di Antonio Ongaro.
700 11 - ENTRADA AGREGADA--NOMBRE PERSONAL
Nombre de persona Tasso, Torquato (
Fechas asociadas al nombre 1544-1595).
Título de la obra Aminta.
9 (RLIN) 222067
700 11 - ENTRADA AGREGADA--NOMBRE PERSONAL
Nombre de persona Guarini, Battista,
Fechas asociadas al nombre 1538-1612
9 (RLIN) 127590
700 11 - ENTRADA AGREGADA--NOMBRE PERSONAL
Nombre de persona Bonarelli, Guidubaldo.
Título de la obra Filli di sciro.
9 (RLIN) 126054
700 11 - ENTRADA AGREGADA--NOMBRE PERSONAL
Nombre de persona Ongaro, Antonio.
Título de la obra Alceo.
9 (RLIN) 130658
700 11 - ENTRADA AGREGADA--NOMBRE PERSONAL
Nombre de persona Sonzogno, Edoardo,
Término indicativo de función/relación
9 (RLIN) 132820
752 ## - ENTRADA AGREGADA--NOMBRE JERÁRQUICO DEL LUGAR
País o entidad superior Italia -
Ciudad Milán
852 ## - LOCALIZACIÓN
Ubicación ES-MaACL
Número de control de estantería G-10428
Nota libre -- Enc. hol.
Holdings
Estatus retirado Estado de pérdida Estado de daño No para préstamo Colección Biblioteca de origen Biblioteca actual Ubicación en estantería Fecha de adquisición Fuente de adquisición Total de préstamos Signatura topográfica completa Código de barras Visto por última vez Precio de reemplazo Tipo de ítem Koha
        Libros del s. XIX Biblioteca del Ateneo de Madrid Biblioteca del Ateneo de Madrid Sala Pecera Planta 3 17/01/2008     G-10428 1160531 23/02/2023 23/02/2023 Libro impreso antiguo